000 00840nam a2200181 i 4500
001 161427
003 ES-MaACL
005 20250902094506.0
008 950614s1885 sp |||| | spa d
100 1 _aParga Sanjurjo, José Antonio.
_9130854
245 1 0 _aJuicio crítico del informe sobre crédito agrícola que emitió la Sociedad Económica de Amigos del Pais de Santiago /
_cpor José A. Parga y Sanjurjo.
260 _aSantiago de Compostela :
_b[s.n.],
_c1885 (
_fTip. de la Gaceta, Felipe de la Torre y Cia.)
300 _aVI, 95 p. ;
_c20 cm.
650 4 _aCrédito agrícola-
_zEspaña.
_9135837
710 2 _aReal Sociedad Económica de Amigos del País de Santiago de Compostela
_96387
852 _aES-MaACL
_jT-418-F-1
_z. - Enc. hol.
_q. - Falto de la cub. original
_z. - Enc. en un vol. facticio
999 _c161427
_d161427